| 000 | 00527nam a2200181 4500 | ||
|---|---|---|---|
| 003 | SEACOMMC | ||
| 005 | 20250428124118.0 | ||
| 008 | 241216b |||||||| |||| 00| 0 eng d | ||
| 020 |
_a 978-0-76193-415-8 _cRs.480.00 |
||
| 040 | _aSEACOMMC | ||
| 082 |
_a 658.406 _bH 281 |
||
| 100 | _aHarigopal, K | ||
| 245 | 1 |
_aManagement of Organizational Change Leveraging Transformation _cK Harigopal |
|
| 250 | _a2nd ed. | ||
| 260 |
_a New Delhi _bResponse Books _c 2006 |
||
| 650 | _a Organizational Change -- Management | ||
| 942 | _cBOOK | ||
| 999 |
_c880 _d880 |
||